000 00643nam a2200253Ia 4500
005 20260123122733.0
008 008 260114s9999 xx 000 0 eng d
020 _a9789352804931
037 _aEBOOK
040 _aCRL
040 _beng
040 _cCRL
041 _2eng
041 _aeng
084 _qCRL
100 _aPrem Chowdhry
_91104972
245 0 _aGender Discrimination in Land Ownership
260 _bSAGE
260 _c2009
856 _uhttps://evidya.sagepub.in/library/gender-discrimination-in-land-ownership?bookId=3333&siteName=evidya
942 _cEBOOK
999 _c1670208
_d1670208